Garcilaso de la Vega (Record no. 176526)

MARC details
000 -LEADER
campo de control de longitud fija 01179nam a22002535i 4500
001 - NÚMERO DE CONTROL
campo de control 176526
003 - IDENTIFICADOR DE NÚMERO DE CONTROL
campo de control ES-MaACL
005 - FECHA Y HORA DE LA ÚLTIMA TRANSACCIÓN
campo de control 20250122063028.0
008 - DATOS DE LONGITUD FIJA--INFORMACIÓN GENERAL
campo de control de longitud fija 110120s1940 sp a |||| | spa d
080 ## - NÚMERO DE LA CLASIFICACIÓN DECIMAL UNIVERSAL
Número de la Clasificación Decimal Universal 821.134.2-22"19"
100 1# - ENTRADA PRINCIPAL--NOMBRE DE PERSONA
Nombre de persona Tomás, Mariano,
9 (RLIN) 239478
Fechas asociadas al nombre 1891-1957
245 10 - MENCIÓN DEL TÍTULO
Título Garcilaso de la Vega
Resto del título : comedia dramática original y en verso, en tres actos y cinco cuadros, con una canción del maestro Aurelio González /
Mención de responsabilidad, etc. Mariano Tomás.
260 ## - PUBLICACIÓN, DISTRIBUCIÓN, ETC.
Lugar de publicación, distribución, etc. Madrid :
Nombre del editor, distribuidor, etc. [s. n.,
Fecha de publicación, distribución, etc. 1940?]
300 ## - DESCRIPCIÓN FÍSICA
Extensión 74 p. ;
Dimensiones 17 cm.
490 1# - MENCIÓN DE SERIE
Mención de serie Biblioteca teatral ;
Designación de volumen o secuencia 3
500 ## - NOTA GENERAL
Nota general Anteportada ilustrada.
500 ## - NOTA GENERAL
Nota general En port. : Estrenada en el Teatro Principal de San Sebastián el día 22 de Enero de 1939, interpretando el papel de protagonista el eminente actor Rafael Rivelles, y estrenada en el Teatro Español de Madrid el día 23 de Diciembre de 1940, interpretando el papel de protagonista el gran poeta Manuel de Góngora.
500 ## - NOTA GENERAL
Nota general Encuadernado con otros títulos.
597 ## - NOTA DE DESCRIPCIÓN FÍSICA
NOTA DE DESCRIPCIÓN FÍSICA En el lomo: 2-15.
830 0# - PUNTO DE ACCESO ADICIONAL DE SERIE-TÍTULO UNIFORME
Título uniforme Biblioteca teatral ;
Designación de volumen o secuencia 3
9 (RLIN) 190120
852 ## - LOCALIZACIÓN
Ubicación ES-MaACL
Número de control de estantería E-14121 (3)
Encuadernación Olim P-302
942 ## - ELEMENTOS DE ENTRADA SECUNDARIOS (KOHA)
Fuente del sistema de clasificación o colocación Clasificación decimal universal
Holdings
Estatus retirado Estado de pérdida Estado de daño No para préstamo Biblioteca de origen Biblioteca actual Ubicación en estantería Fecha de adquisición Fuente de adquisición Total de préstamos Signatura topográfica completa Código de barras Visto por última vez Precio de reemplazo Tipo de ítem Koha
        Biblioteca del Ateneo de Madrid Biblioteca del Ateneo de Madrid Depósito 2 20/01/2011     E-14121 (3) 1185387 23/02/2023 23/02/2023 Libro impreso